The major road network (Record no. 110598)
[ view plain ]
| 000 -LEADER | |
|---|---|
| fixed length control field | 01062cad a22002175a 4500 |
| 001 - CONTROL NUMBER | |
| control field | E149685 |
| 008 - FIXED-LENGTH DATA ELEMENTS--GENERAL INFORMATION | |
| fixed length control field | 100408e20100324xxk f f000 0 eng d |
| 020 1# - INTERNATIONAL STANDARD BOOK NUMBER | |
| International Standard Book Number | 9780215553256 |
| 035 ## - SYSTEM CONTROL NUMBER | |
| System control number | (Sirsi) u149685 |
| 041 0# - LANGUAGE CODE | |
| Language code of text/sound track or separate title | eng |
| 110 1# - MAIN ENTRY--CORPORATE NAME | |
| Corporate name or jurisdiction name as entry element | United Kingdom |
| Subordinate unit | Parliament |
| -- | House of Commons |
| -- | Transport Committee |
| 9 (RLIN) | 5836 |
| 245 04 - TITLE STATEMENT | |
| Title | The major road network |
| Remainder of title | eighth report of session 2009-10 |
| Medium | [electronic resource] |
| 260 ## - PUBLICATION, DISTRIBUTION, ETC. | |
| Place of publication, distribution, etc. | London |
| Name of publisher, distributor, etc. | House of Commons |
| Date of publication, distribution, etc. | 2010 |
| 520 ## - SUMMARY, ETC. | |
| Summary, etc. | Presents the results of research carried out to determine progress on transport matters since the 1998 White Paper "A New Deal for Transport: Better for Everyone". Also examines what still remains to be done to maximise the efficiency and sustainability of England?s major road network. |
| 521 ## - TARGET AUDIENCE NOTE | |
| Target audience note | Advanced |
| 590 ## - LOCAL NOTE (RLIN) | |
| Local note | KA |
| 651 #4 - SUBJECT ADDED ENTRY--GEOGRAPHIC NAME | |
| Geographic name | England |
| Chronological subdivision | 886- |
| 690 ## - LOCAL SUBJECT ADDED ENTRY--TOPICAL TERM (OCLC, RLIN) | |
| Topical term or geographic name as entry element | PROPERTY-INFRASTRUCTURE-TRANSPORT INFRASTRUCTURE |
| 856 40 - ELECTRONIC LOCATION AND ACCESS | |
| Uniform Resource Identifier | <a href="https://www.publications.parliament.uk/pa/cm200910/cmselect/cmtran/505/505.pdf">https://www.publications.parliament.uk/pa/cm200910/cmselect/cmtran/505/505.pdf</a> |
| Public note | View the item free of charge at www.publications.parliament.uk |
| 942 ## - ADDED ENTRY ELEMENTS (KOHA) | |
| Suppress in OPAC | 0 |
| Withdrawn status | Lost status | Source of classification or shelving scheme | Damaged status | Not for loan | Home library | Current library | Shelving location | Date acquired | Total Checkouts | Full call number | Barcode | Date last seen | Copy number | Price effective from | Koha item type |
|---|---|---|---|---|---|---|---|---|---|---|---|---|---|---|---|
| Dewey Decimal Classification | Virtual | Virtual | Online | 08/04/2010 | ONLINE PUBLICATION | 149685-2001 | 06/08/2019 | 1 | 06/08/2019 | Book |